LEADER 01102nam a2200277 i 4500 001 000000148102 003 CaOOAMICUS 005 20060310000000.0 008 060310s1979 it u000 u ita u 013 $a125417 040 $aSeMil$bita 100 1 $aDel Monte, Alberto.$0(OLS)http://semarc/name/37469 245 10$aRetorica, stilistica, versificazione :$bintroduzione allo studio della letteratura /$cAlberto Del Monte. 250 $aRistampa. 260 $aTorino :$bLoescher,$c1979. 300 $a178 p. ;$c22 cm. 500 $aFondo Ciprandi. 650 4$aMetrica.$0(OLS)http://semarc/subject/3171 650 4$aRetorica.$0(OLS)http://semarc/subject/2202 650 4$aStilistica.$0(OLS)http://semarc/subject/8784 850 $aSeMil 852 $aSeMil$W1$xVenegono$y1$m1C IV 83$j100561$B100561$CSeMilBibl$Z2$F109677 $81 941 1 $a1 961 $aOmaggio: Ciprandi dott. Paolo 996 $6245$aRetorica, stilistica, versificazione :$bintroduzione allo studio della letteratura$9(OLS)http://semarc/title/216500 996 $6260$aTorino :$bLoescher$9(OLS)http://semarc/publisher/30450 LEADER 01354nam a2200241 i 4500 001 000000054028 003 CaOOAMICUS 005 20100914000000.0 008 100914s1937 xx u000 u lat u 013 $a25200 040 $aSeMil$bita 100 1 $aRogers, Gerardus M.$0(OLS)http://semarc/name/26803 245 10$aReformatio Cleri in Conciliis Provincialibus Scotiae :$bsaec. 16. tentata, ejusque relatio cum Legislatione Concilii Tridentini sess. 6.-7 /$cPontificia Universitas Gregoriana ; Gerardus M. Rogers. 260 $aRoma :$bCasa editrice Mediterranea,$c1937. 300 $a41 p. ;$c25 cm. 500 $aContiene : Bibliographia. - In mezzo al front : Excerpta ex Dissertatione ad Lauream in Facultate Juris Canonici Pontificiae Universitatis Gregorianae. 650 4$aScozia.$0(OLS)http://semarc/subject/11091 650 4$aTesi di laurea.$0(OLS)http://semarc/subject/1690 710 2 $aPontificia Università Gregoriana .$0(OLS)http://semarc/name/5 850 $aSeMil 852 $aSeMil$W1$xVenegono$y1$m2I I 270$j20182$B20182$CSeMilBibl$Z2$F20184 $81 996 $6245$aReformatio Cleri in Conciliis Provincialibus Scotiae :$bsaec. 16. tentata, ejusque relatio cum Legislatione Concilii Tridentini sess. 6.-7$9(OLS)http://semarc/title/83494 996 $6260$aRoma :$bCasa editrice Mediterranea$9(OLS)http://semarc/publisher/34160 LEADER 00778nam a2200181 i 4500 001 000000242647 003 CaOOAMICUS 005 20150610000000.0 008 150610s1809 it u000 u ita u 013 $a221552 026 $asier nala l-so (IDe (3) 1809 (A) 040 $aSeMil$bita 245 10$aTomo 3. 300 $a[2], 252 p. 773 0 $tSoliloqui divotissimi di N. S. Gesù Cristo proposti per esercizio di affettuosa orazione particolarmente nell'assistenza al sacrificio della Santa Messa. Traduzione dal francese di Francesco Pertusati. Tomo 1. [-4.].$dMilano : Presso Pirotta e Maspero, 1809.$g3$w()32024 850 $aSeMil 852 $aSeMil$W1$xVenegono$y1$m3F II 195 FA$j192993$B192993$CSeMilBibl$Z2$F203743 $8I 996 $6245$aTomo 3$9(OLS)http://semarc/title/53129